Институт природных ресурсов - современный учебно-научный центр с вековыми традициями; Проблемы геологии и освоения недр; Т. 1

Bibliografske podrobnosti
Parent link:Проблемы геологии и освоения недр: труды XVIII Международного симпозиума имени академика М. А. Усова студентов и молодых ученых, Томск, 7-11 апреля 2014 г./ Национальный исследовательский Томский политехнический университет (ТПУ), Институт природных ресурсов (ИПР) ; Общество инженеров-нефтяников, международная некоммерческая организация, Студенческий чаптер ; под ред. А. Ю. Дмитриева.— , 2014
Т. 1.— [С. 36-38]
Glavni avtor: Дмитриев А. Ю. Андрей Юрьевич
Korporativna značnica: Национальный исследовательский Томский политехнический университет (ТПУ) Институт природных ресурсов (ИПР) Кафедра бурения скважин (БС)
Izvleček:Заглавие с экрана
Jezik:ruščina
Izdano:
Serija:Пленарные доклады
Teme:
Online dostop:http://earchive.tpu.ru/handle/11683/65846
http://www.lib.tpu.ru/fulltext/c/2014/C11/V1/003.pdf
Format: Elektronski Book Chapter
KOHA link:https://koha.lib.tpu.ru/cgi-bin/koha/opac-detail.pl?biblionumber=608202

MARC

LEADER 00000naa2a2200000 4500
001 608202
005 20260318131905.0
035 |a (RuTPU)RU\TPU\conf\5632 
035 |a RU\TPU\conf\5631 
090 |a 608202 
100 |a 20140922d2014 k y0rusy50 ca 
101 0 |a rus 
102 |a RU 
135 |a drcn ---uucaa 
181 0 |a i  
182 0 |a b 
200 1 |a Институт природных ресурсов - современный учебно-научный центр с вековыми традициями  |f А. Ю. Дмитриев 
203 |a Текст  |c электронный 
225 1 |a Пленарные доклады 
300 |a Заглавие с экрана 
337 |a Adobe Reader 
461 1 |0 (RuTPU)RU\TPU\conf\5590  |t Проблемы геологии и освоения недр  |o труды XVIII Международного симпозиума имени академика М. А. Усова студентов и молодых ученых, Томск, 7-11 апреля 2014 г.  |o в 2 т.  |f Национальный исследовательский Томский политехнический университет (ТПУ), Институт природных ресурсов (ИПР) ; Общество инженеров-нефтяников, международная некоммерческая организация, Студенческий чаптер ; под ред. А. Ю. Дмитриева  |d 2014 
463 1 |0 (RuTPU)RU\TPU\conf\5592  |t Т. 1  |v [С. 36-38] 
601 0 2 |a Национальный исследовательский Томский политехнический университет (ТПУ)  |b Институт природных ресурсов (ИПР)  |2 stltpush  |3 (RuTPU)RU\TPU\col\16389 
610 1 |a труды учёных ТПУ 
610 1 |a электронный ресурс 
610 1 |a научные школы 
610 1 |a академическая наука 
610 1 |a образовательные процессы 
610 1 |a инновационное развитие 
610 1 |a научно-образовательные центры 
610 1 |a специалисты 
610 1 |a подготовка 
700 1 |a Дмитриев  |b А. Ю.  |c специалист в области нефтегазового дела  |c доцент, проректор-директор Томского политехнического университета, кандидат технических наук  |f 1972-  |g Андрей Юрьевич  |3 (RuTPU)RU\TPU\pers\24766 
712 0 2 |a Национальный исследовательский Томский политехнический университет (ТПУ)  |b Институт природных ресурсов (ИПР)  |b Кафедра бурения скважин (БС)  |3 (RuTPU)RU\TPU\col\18666 
801 2 |a RU  |b 63413507  |c 20211125  |g RCR 
856 4 |u http://earchive.tpu.ru/handle/11683/65846 
856 4 |u http://www.lib.tpu.ru/fulltext/c/2014/C11/V1/003.pdf 
942 |c BK